Biochemistry for the pharmaceutical sciences / (Record no. 278738)
[ view plain ]
| 000 -LEADER | |
|---|---|
| fixed length control field | 01704cam a22003974a 4500 |
| 001 - CONTROL NUMBER | |
| control field | 16535348 |
| 005 - DATE AND TIME OF LATEST TRANSACTION | |
| control field | 20150127103611.0 |
| 008 - FIXED-LENGTH DATA ELEMENTS--GENERAL INFORMATION | |
| fixed length control field | 101108s2012 maua b 001 0 eng |
| 010 ## - LIBRARY OF CONGRESS CONTROL NUMBER | |
| LC control number | 2010047696 |
| 016 7# - NATIONAL BIBLIOGRAPHIC AGENCY CONTROL NUMBER | |
| Record control number | 101547009 |
| Source | DNLM |
| 020 ## - INTERNATIONAL STANDARD BOOK NUMBER | |
| International Standard Book Number | 9780763763848 |
| 020 ## - INTERNATIONAL STANDARD BOOK NUMBER | |
| International Standard Book Number | 0763763845 |
| 020 ## - INTERNATIONAL STANDARD BOOK NUMBER | |
| International Standard Book Number | 9789719946830 |
| 035 ## - SYSTEM CONTROL NUMBER | |
| System control number | (OCoLC)ocn680587226 |
| 040 ## - CATALOGING SOURCE | |
| Original cataloging agency | DNLM/DLC |
| Transcribing agency | DLC |
| Modifying agency | YDX |
| -- | BTCTA |
| -- | YDXCP |
| -- | NLM |
| -- | DLC |
| 042 ## - AUTHENTICATION CODE | |
| Authentication code | pcc |
| 050 00 - LIBRARY OF CONGRESS CALL NUMBER | |
| Classification number | QP 514.2 |
| Item number | .W66 2012 |
| 060 00 - NATIONAL LIBRARY OF MEDICINE CALL NUMBER | |
| Classification number | 2011 E-864 |
| 060 10 - NATIONAL LIBRARY OF MEDICINE CALL NUMBER | |
| Classification number | QU 34 |
| 082 00 - DEWEY DECIMAL CLASSIFICATION NUMBER | |
| Classification number | 612/.015 |
| 100 1# - MAIN ENTRY--PERSONAL NAME | |
| Personal name | Woodbury, Charles P. |
| 245 10 - TITLE STATEMENT | |
| Title | Biochemistry for the pharmaceutical sciences / |
| Statement of responsibility, etc | Charles P. Woodbury, Jr. |
| 260 ## - PUBLICATION, DISTRIBUTION, ETC. (IMPRINT) | |
| Place of publication, distribution, etc | Sudbury, MA : |
| Name of publisher, distributor, etc | Jones & Bartlett Learning, |
| Date of publication, distribution, etc | c2012. |
| 300 ## - PHYSICAL DESCRIPTION | |
| Extent | xx, 500 pages : |
| Other physical details | illustrations ; |
| Dimensions | 28 cm. |
| 504 ## - BIBLIOGRAPHY, ETC. NOTE | |
| Bibliography, etc | Includes bibliographical references and index. |
| 505 0# - FORMATTED CONTENTS NOTE | |
| Formatted contents note | Biochemical thermodynamics -- Carbohydrates -- Amino acids and proteins -- Nucleic acids -- Lipids and biomembranes -- Enzyme mechanisms and regulation -- Models for enzyme kinetics -- Basic concepts in metabolism -- Major pathways of carbohydrate metabolism -- Mitochondria and the citric acid cycle -- Respiratory complexes and ATP synthesis -- Other pathways of carbohydrate metabolism -- Lipid metabolism -- Amino acid metabolism -- Nucleotide metabolism -- Synthesis of DNA, RNA, and proteins. |
| 521 ## - TARGET AUDIENCE NOTE | |
| Target audience note | Pharmacy |
| 650 #0 - SUBJECT ADDED ENTRY--TOPICAL TERM | |
| Topical term or geographic name as entry element | Biochemistry. |
| 650 #0 - SUBJECT ADDED ENTRY--TOPICAL TERM | |
| Topical term or geographic name as entry element | Metabolism. |
| 650 #0 - SUBJECT ADDED ENTRY--TOPICAL TERM | |
| Topical term or geographic name as entry element | Pharmacy. |
| 650 12 - SUBJECT ADDED ENTRY--TOPICAL TERM | |
| Topical term or geographic name as entry element | Biochemical Phenomena. |
| 650 22 - SUBJECT ADDED ENTRY--TOPICAL TERM | |
| Topical term or geographic name as entry element | Pharmacology |
| General subdivision | methods. |
| 906 ## - LOCAL DATA ELEMENT F, LDF (RLIN) | |
| a | 7 |
| b | cbc |
| c | orignew |
| d | 1 |
| e | ecip |
| f | 20 |
| g | y-gencatlg |
| 942 ## - ADDED ENTRY ELEMENTS (KOHA) | |
| Source of classification or shelving scheme | Library of Congress Classification |
| Koha item type | Books |
| Withdrawn status | Lost status | Source of classification or shelving scheme | Damaged status | Home library | Current library | Shelving location | Date acquired | Total Checkouts | Total Renewals | Full call number | Barcode | Date last seen | Date checked out | Copy number | Price effective from | Koha item type | Source of acquisition | Sub Shelving location |
|---|---|---|---|---|---|---|---|---|---|---|---|---|---|---|---|---|---|---|
| Library of Congress Classification | South SEED-LPDH College Library | South SEED-LPDH College Library | South SEED-LPDH College Section | 08/05/2013 | 2 | 9 | QP 514.2 .W66 2012 | SSLC0967 | 04/20/2017 | 01/25/2017 | 3 | 08/05/2013 | Books | |||||
| Library of Congress Classification | South SEED-LPDH College Library | South SEED-LPDH College Library | South SEED-LPDH College Section | 08/05/2013 | 3 | 11 | QP 514.2 .W66 2012 | SSLC0965 | 05/10/2017 | 12/07/2015 | 1 | 08/05/2013 | Books | |||||
| Library of Congress Classification | South SEED-LPDH College Library | South SEED-LPDH College Library | South SEED-LPDH College Section | 08/05/2013 | 4 | 9 | QP 514.2 .W66 2012 | SSLC0966 | 01/23/2018 | 01/23/2018 | 2 | 08/05/2013 | Books | |||||
| Library of Congress Classification | South SEED-LPDH College Library | South SEED-LPDH College Library | South SEED-LPDH College Section | 01/27/2015 | 2 | 5 | QP 514.2 .W66 2012 | SSLC1397 | 11/08/2017 | 09/22/2017 | 01/27/2015 | Books | Library Fund |